Регионална библиотека "Любен Каравелов" - Русе

Наръчник по осветителна техника (Запис номер 61609)

MARC детайли
000 -Лидер
Контролно поле с фиксирана дължина nam a22 a 4500
003 - Код на организацията, давaща контролен номер
Контролно поле BLK
005 - Дата и час на последна редакция
Контролно поле 20221027180938.0
008 - Елементи от данни с фиксирана дължина
fixed length control field 180408b bul|||||r ||||||| ||bul||
040 ## - Източник на каталожния запис
Идентификатор на билиотеката - собственик на записа BLK
041 ## - Код за език
Код за езика на текст/звукозапис или на отделно заглавие Български
Код за езика КДБФ Български
080 ## - УДК
Текстов определител УДК Светотехника
УДК код - определител по УДК 628.9
УДК определител (035)
УДК - код + определител 628.9(035)
100 ## - Редна дума - Автор
R(LIN) 301748
Автор Андрейчин, Разум Екимов
Авторска отговорност първи автор
139 ## - Редно поле
Редна дума Наръчник по осветителна техника
245 10 - Сведения за заглавието
Заглавие Наръчник по осветителна техника
Подзаглавни данни Т. 1 -
Редно поле (дума) Р. Е. Андрейчин и др.; под общ. ред. на К. Й. Богатев.
Том Т. 1
257 ## - Страна на издаване
Страна на създаване/издаване България
260 ## - Област на издателските данни
Място на издаване, разпространение и проч. София
Име на издателя, разпространителя и проч. Техника
Година на издаване 1977
300 ## - Физическа характеристика
Размери/Мащаб 24 см
380 ## - Жанр
Жанр Техника
500 ## - Общи забележки
Забележка Др. авт.: К.Й.Богатев, Н.И.Василев, Д.И. Деянов и др.
650 #4 - Допълнително описание по предмет – тема
Основно описание – тема или топоним Светотехника
9 (RLIN) 170321
653 #7 - Ключова дума – ненормативна
9 (RLIN) 196245
Ключова дума светотехника
700 ## - Други автори (авторска отговорност)
Лично име Богатев, Кирил Йорданов
Автороска отговорност (Описва отношението между автора и произведението) под общ. ред. на
9 (RLIN) 864
760 1# - Описание на основната серия
Място на издаване, издател и година София, 1977
Страници - том 484 с. : с черт., табл.
Забележка - том Библиогр. след отд. гл.
Част - том Т. 1
Заглавие Наръчник по осветителна техника
852 ## - Местоположение
Форматна сигнатура Цб 85538
Фондова буква Хранилище
856 4# - Електронен адрес и достъп
Електронен формат pdf - файл
Инструкция (цена за достъп) 0.00
Права за достъп disable
999 ## - СИСТЕМНИ КОНТРОЛНИ НОМЕРА
Koha biblionumber 61609
Koha biblioitemnumber 61609
942 ## - АРТИКУЛИ
Вид на библиотечния материал Книги
Скрит в OPAC Не
Периодичен библиозапис Да
944 ## - СЪЗДАВАНЕ И РЕДАКЦИЯ на ЗАПИСА
Създаване/Редакция Създаване
Дата на регистрацията/редакция 13.06.2004
Служител, извършил регистрацията/редакцията Кети_Илиева
944 ## - СЪЗДАВАНЕ И РЕДАКЦИЯ на ЗАПИСА
Създаване/Редакция Редакция
Дата на регистрацията/редакция 2022-10-27
999 ## - СИСТЕМНИ КОНТРОЛНИ НОМЕРА
Koha biblioitemnumber 61609
Наличности
Код за отписване Код за изгубен артикул Източник на класификационната схема Код за повреда Коз за рестрикции Код за отдаване Артикулен № Име на библиотеката - собственик Име на библиотеката, в която се намира в момента Статус (Текущо местоположение) Дата на вписване в системата Местоположение - отдел Цена в лева Инвентарен номер Систематично азбучна сигнатура Баркод Номер на екземпляра Цена в евро Служебна бележка Служебен тип на артикула
  Не е изгубен Universal Decimal Classification Не е повреден без рестрикции ползва се в читалня 102279 Регионална библиотека "Любен Каравелов" Русе Регионална библиотека "Любен Каравелов" Русе Читалня 1993-01-01 Читалня 2.30 227184 Ч 628.9/Н 26 120000227184 1 1.18 Дата инв: 24.03.2017 Бележки инв: Ч2017 Книги
Изтеглен Не е изгубен Universal Decimal Classification Не е повреден без рестрикции заемане за дома 102280 Регионална библиотека "Любен Каравелов" Русе Регионална библиотека "Любен Каравелов" Русе Заемна - подръчен фонд 1977-01-01 Заемна - подръчен фонд 2.30 227183 П 628.9/Н 26 227183 2 1.18 Дост: Pk Вид: Ф N: стар фонд Дата: 01.01.1977 Дата инв: 06.02.2018 Бележки инв: П2018 Книги
Изтеглен Не е изгубен Universal Decimal Classification Не е повреден без рестрикции заемане за дома 102281 Регионална библиотека "Любен Каравелов" Русе Регионална библиотека "Любен Каравелов" Русе Заемна - подръчен фонд 1977-01-01 Заемна - подръчен фонд 2.30 648936 П 628.9/Н 26 648936 3 1.18 Дост: Pk Вид: Ф N: стар фонд Дата: 01.01.1977 Дата инв: 06.02.2018 Бележки инв: П2018 Книги
  Не е изгубен Universal Decimal Classification Не е повреден без рестрикции ползва се в читалня 102282 Регионална библиотека "Любен Каравелов" Русе Регионална библиотека "Любен Каравелов" Русе Хранилище 1977-01-01 Хранилище 2.30 226524 Цб 85538 120000226524 4 1.18 Дост: Dp Вид: Д N: стар фонд Дата: 01.01.1977 Книги
Vip Innovations Ltd, Rousse, Bulgaria 2025